| 000 | 00888nam a2200241 a 4500 | ||
|---|---|---|---|
| 001 | BRCA_969 | ||
| 005 | 20190320203227.0 | ||
| 008 | 920812s1994 mx-a---###---#001-0#spa-# | ||
| 020 | _a9686781099 | ||
| 040 |
_aDLC _cDLC |
||
| 041 | _aspaeng | ||
| 050 | 4 |
_aTS28 _b.D57 1994 |
|
| 245 | 1 | 0 |
_aDiseño mexicano _bindustrial y gráfico _ceditores responsables Jose Carlos Trujillo Somohano ... [et al.] ; traducción Susana Hernández Ochoa, Sara F. Golubov. |
| 260 |
_aMéxico _bColegio de Diseñadores Industriales y Gráficos de México _c1994 |
||
| 300 |
_a123 p. _bil. a color _c33 cm. |
||
| 500 | _aTexto en : inglés y español | ||
| 650 | 1 | 4 |
_aDiseño industrial _zMéxico _93197 |
| 650 | 1 | 4 |
_aDiseñadores industriales _zMéxico _93198 |
| 700 | 1 |
_aTrujillo Somohano, Jose Carlos _93199 |
|
| 700 | 1 |
_aHernández Ochoa, Susana _93200 |
|
| 700 | 1 |
_aGolubov, Sara F _93201 |
|
| 942 |
_2lcc _cB |
||
| 999 |
_c855 _d855 |
||